15 in 15: Hard Liquor Quiz Stats

 Plays Quiz not verified by Sporcle

Score 0/15 Timer 00:15
1 Play Today
% Correct
Vodka
93.7%
Whiskey
93.4%
Tequila
92.5%
Gin
90.6%
Rum
90.6%
Scotch
89.9%
Brandy
89.2%
Bourbon
88.2%
% Correct
Absinthe
80.9%
Sambuca
70.9%
Ouzo
64.3%
Pastis
24.2%
Rakia
23%
Arak
20.4%
Baijiu
12.9%

You're not logged in!

Compare scores with friends on all Sporcle quizzes.
OR
Log In

Show Comments

Extras

Top Quizzes Today


Score Distribution

Your Account Isn't Verified!

In order to create a playlist on Sporcle, you need to verify the email address you used during registration. Go to your Sporcle Settings to finish the process.

Report this User

Report this user for behavior that violates our Community Guidelines.

Details: